| 000 | 01035nam0a22003011 4500 | ||
|---|---|---|---|
| 001 | rc\2208405 | ||
| 005 | 20110829165807.8 | ||
| 035 | _a(NLR Aleph) 006695574 | ||
| 090 |
_a5190504 _c5190504 |
||
| 100 | _a20110829d1978 |||y0rusy50 ca | ||
| 101 | 0 | _arus | |
| 102 | _aRU | ||
| 105 | _aa z ||||| | ||
| 200 | 1 | _aДекоративные бумажно-слоистые пластики | |
| 205 | _a2-е изд., перераб. | ||
| 210 |
_aМосква _cЛесн. пром-сть _d1978 |
||
| 215 |
_a325 с. _cил. _d17 |
||
| 320 | _aСписок лит.: с. 313-325 (203 назв.) | ||
| 606 |
_aПластмассы бумажно-слоистые, декоративные _2psbo |
||
| 700 | 1 |
_aПлоткин _bЛ. Г. _gЛеонид Григорьевич |
|
| 701 | 1 |
_aШалун _bГ. Б. _gГригорий Борисович |
|
| 801 | 0 |
_aRU _bNLR _gpsbo |
|
| 801 | 1 |
_aRU _bELAR _2rusmarc |
|
| 852 |
_aNLR _j78-2/2714 |
||
| 899 |
_aRuMoRGB _jБ 78-20/726 |
||
| 899 |
_aRuMoRGB _jБ 78-20/727 |
||
| 942 | _cBOOK | ||
| 980 | _aNB | ||